Central Library OPAC University of Rajshahi

Founders of the Middle Ages / (Record no. 58363)

MARC details
000 -LEADER
fixed length control field 00683nam a2200229 a 4500
001 - CONTROL NUMBER
control field 58363
003 - CONTROL NUMBER IDENTIFIER
rucl marc code BD-RjUL
005 - DATE AND TIME OF LATEST TRANSACTION
control field 20211209080619.0
008 - FIXED-LENGTH DATA ELEMENTS--GENERAL INFORMATION
fixed length control field 161218s19571928nyu||||| |||| 001 0 eng d
035 ## - SYSTEM CONTROL NUMBER
System control number (BD-RjUL)58487
040 ## - CATALOGING SOURCE
Original cataloging agency BD-RjUL
Language of cataloging eng
Transcribing agency BD-RjUL
Modifying agency BD-RjUL
041 ## - LANGUAGE CODE
Language code of text/sound track or separate title eng
082 ## - DEWEY DECIMAL CLASSIFICATION NUMBER
Edition number 23
Classification number 940.1
Author mark and year RAF 1957
100 1# - MAIN ENTRY--PERSONAL NAME
Personal name Rand, Edward Kennard,
Dates associated with a name 1871-1945.
9 (RLIN) 173339
245 10 - TITLE STATEMENT
Title Founders of the Middle Ages /
Statement of responsibility, etc. by Edward Kennard Rand
260 ## - PUBLICATION, DISTRIBUTION, ETC. (IMPRINT)
Place of publication, distribution, etc. New York :
Name of publisher, distributor, etc. Dover Publications ;
Date of publication, distribution, etc. c1928 [reprinted1957]
300 ## - PHYSICAL DESCRIPTION
Pagination ix, 365 p. ;
Size 21 cm
500 ## - GENERAL NOTE
General note Includes index
650 #0 - SUBJECT ADDED ENTRY--TOPICAL TERM
Topical term or geographic name as entry element Middle Ages
9 (RLIN) 172073
Topical term or geographic name as entry element Civilization, Medieval
9 (RLIN) 172072
942 ## - ADDED ENTRY ELEMENTS (KOHA)
Source of classification or shelving scheme Dewey Decimal Classification
Koha item type Books
Holdings
Lost status Source of classification or shelving scheme Damaged status Not for loan Collection code Permanent Location Current Location Shelving location Date acquired Source of acquisition Cost, normal purchase price Total Checkouts Full call number Date last seen Copy number Koha item type
  Dewey Decimal Classification   Not For Loan Non-fiction Central Library, University of Rajshahi Central Library, University of Rajshahi Reading Room 03/12/1968 Zeitlinger 20.00   940.1 RAF 1957 18/12/2016 C-1 Books